[Event "SVK-ch Amateurs"]
[Site "Liptovsky Jan"]
[Date "2023.06.18"]
[Round "7"]
[White "Novysedlak, Peter"]
[Black "Stricova, Julia Nela"]
[Result "1/2-1/2"]
[WhiteElo "1000"]
[BlackElo "1067"]
[PlyCount "99"]
[EventDate "2023.06.15"]
[EventType "swiss"]
[EventRounds "8"]
[EventCountry "SVK"]
[SourceTitle "CBM 214 Extra"]
[Source "ChessBase"]
[SourceDate "2023.07.31"]
[SourceVersion "1"]
[SourceVersionDate "2023.07.31"]
[SourceQuality "1"]

1. e4 c6 2. d4 d5 3. e5 Bf5 4. Bd3 Bxd3 5. Qxd3 e6 6. Nf3 Nd7 7. b3 Ne7 8. 0-0 Ng6 9. g3 c5 10. c3 Be7 11. Qb5 b6 12. Be3 0-0 13. Nbd2 Rc8 14. Rac1 Qc7 15. Nb1 Qc6 16. Qe2 Qb7 17. h4 Bd8 18. h5 Ne7 19. h6 g6 20. Nh4 Nc6 21. f4 Bxh4 22. gxh4 Qc7 23. Rcd1 Qd8 24. Qg4 Ne7 25. Nd2 Nf5 26. Bf2 cxd4 27. cxd4 Rc2 28. a4 Qe7 29. Kh1 Rfc8 30. Rg1 R8c3 31. h5 Rd3 32. hxg6 fxg6 33. Nf3 Rxd1 34. Rxd1 Rxf2 35. Rc1 Nxh6 36. Rc8+ Kg7 37. Qg3 Rf1+ 38. Kg2 Nf5 39. Qh3 Rb1 40. Ng5 Rb2+ 41. Kg1 Rb1+ 42. Kg2 Rb2+ 43. Kg1 Nh6 44. Nxe6+ Kf7 45. Ng5+ Kg7 46. Ne6+ Kf7 47. Ng5+ Kg7 48. Ne6+ Kf7 49. Ng5+ Kg7 50. Ne6+ 1/2-1/2

[Event "SVK-ch Amateurs"]
[Site "Liptovsky Jan"]
[Date "2023.06.18"]
[Round "8"]
[White "Prochazka, Martin"]
[Black "Novysedlak, Peter"]
[Result "0-1"]
[WhiteElo "1166"]
[BlackElo "1000"]
[PlyCount "43"]
[EventDate "2023.06.15"]
[EventType "swiss"]
[EventRounds "8"]
[EventCountry "SVK"]
[SourceTitle "CBM 214 Extra"]
[Source "ChessBase"]
[SourceDate "2023.07.31"]
[SourceVersion "1"]
[SourceVersionDate "2023.07.31"]
[SourceQuality "1"]

1. e4 e5 2. Nf3 Nc6 3. Bb5 d6 4. 0-0 Bd7 5. Nc3 a6 6. Ba4 b5 7. Bb3 Bg4 8. h3 Bh5 9. d3 Nd4 10. g4 Bg6 11. Bd5 c6 12. Nxd4 cxd5 13. Nxd5 exd4 14. Bf4 Be7 15. Qf3 Nf6 16. e5 Nxd5 17. Qxd5 0-0 18. Qxd4 dxe5 19. Qxe5 Bf6 20. Qc5 Bxb2 21. Rab1 Bd4 22. Qc6 0-1

[Event "SVK-ch Amateurs"]
[Site "Liptovsky Jan"]
[Date "2023.06.16"]
[Round "3"]
[White "Dubnicka, Ferdinand"]
[Black "Novysedlak, Peter"]
[Result "1-0"]
[WhiteElo "1416"]
[BlackElo "1000"]
[PlyCount "99"]
[EventDate "2023.06.15"]
[EventType "swiss"]
[EventRounds "8"]
[EventCountry "SVK"]
[SourceTitle "CBM 214 Extra"]
[Source "ChessBase"]
[SourceDate "2023.07.31"]
[SourceVersion "1"]
[SourceVersionDate "2023.07.31"]
[SourceQuality "1"]

1. e4 e5 2. Nf3 Nc6 3. Bb5 d6 4. h3 Bd7 5. Nc3 Nf6 6. d3 h6 7. 0-0 a6 8. Ba4 Be7 9. Be3 b5 10. Bb3 Be6 11. Nh2 d5 12. exd5 Nxd5 13. Nxd5 Bxd5 14. Bxd5 Qxd5 15. Qg4 h5 16. Qe2 0-0-0 17. Rad1 Nd4 18. Bxd4 Qxd4 19. c3 Qd6 20. Nf3 Bf6 21. Qe4 g6 22. d4 Qd5 23. Qxd5 Rxd5 24. dxe5 Rxd1 25. Rxd1 Be7 26. Kf1 Rd8 27. Rxd8+ Kxd8 28. Nd4 Kd7 29. f4 c5 30. Nf3 a5 31. Ke2 f6 32. Kd3 Ke6 33. Ke4 f5+ 34. Ke3 Kd5 35. h4 b4 36. cxb4 axb4 37. b3 c4 38. bxc4+ Kxc4 39. Kd2 b3 40. axb3+ Kxb3 41. Kd3 Kb4 42. Kd4 Bc5+ 43. Kd5 Be3 44. e6 Bc5 45. Kc6 Be7 46. Ne5 Bxh4 47. Nxg6 Bf6 48. Kd5 Kc3 49. e7 Bxe7 50. Nxe7 1-0

[Event "SVK-ch Amateurs"]
[Site "Liptovsky Jan"]
[Date "2023.06.16"]
[Round "4"]
[White "Novysedlak, Peter"]
[Black "Huk, Robert"]
[Result "0-1"]
[WhiteElo "1000"]
[BlackElo "1345"]
[PlyCount "62"]
[EventDate "2023.06.15"]
[EventType "swiss"]
[EventRounds "8"]
[EventCountry "SVK"]
[SourceTitle "CBM 214 Extra"]
[Source "ChessBase"]
[SourceDate "2023.07.31"]
[SourceVersion "1"]
[SourceVersionDate "2023.07.31"]
[SourceQuality "1"]

1. e4 c5 2. c4 Nc6 3. Nf3 d6 4. h3 e5 5. Nc3 f5 6. d3 Nf6 7. Bg5 Be7 8. Bxf6 Bxf6 9. Nd5 0-0 10. Nxf6+ Qxf6 11. Qd2 Nd4 12. Nxd4 cxd4 13. f3 Qh4+ 14. Qf2 Qf4 15. Be2 fxe4 16. dxe4 Qg5 17. Kd1 Be6 18. b3 a5 19. Bd3 a4 20. Ke2 Qd8 21. Rhc1 Qb6 22. bxa4 Rxa4 23. Kf1 Qc5 24. Qe2 Rc8 25. Rc2 Rxc4 26. Rac1 Rxc2 27. Rxc2 Qa3 28. Rxc8+ Bxc8 29. Bc4+ Kf8 30. Bb3 b6 31. Qc4 Ba6 0-1